Pop Groups by Picture - Statistics

General Stats
  • This quiz has been taken 114 times
  • The average score is 11 of 16
Answer Stats
Picture Answer % Correct
The Beatles
98%
Jackson 5
94%
Spice Girls
91%
Maroon 5
85%
One Direction
80%
ABBA
79%
Destiny's Child
76%
Coldplay
74%
Backstreet Boys
67%
NSYNC
67%
BTS
64%
The Monkees
51%
Blackpink
50%
Fifth Harmony
45%
A-ha
41%
Imagine Dragons
38%
No matching quizzes found
Score Distribution
Percent of People with Each Score
Percentile by Number Answered
Your Score History
You have not taken this quiz